[Event "Schweinfurt op 26th"]
[Site "Schweinfurt"]
[Date "2016.05.29"]
[Round "7"]
[White "Mueller, Gerhard"]
[Black "Beyersdorf, Gunter"]
[Result "1-0"]
[WhiteElo "1835"]
[BlackElo "1797"]
[PlyCount "159"]
[EventDate "2016.05.26"]
[EventType "swiss"]
[EventRounds "7"]
[EventCountry "GER"]
[SourceTitle "CBM 172 Extra"]
[Source "ChessBase"]
[SourceDate "2016.06.21"]
[SourceVersion "1"]
[SourceVersionDate "2016.06.21"]
[SourceQuality "1"]

1. e4 c5 2. Nf3 d6 3. Be2 Nc6 4. c3 Nf6 5. d3 g6 6. h3 Bg7 7. 0-0 0-0 8. Nbd2 Nh5 9. Ne1 Nf4 10. Bf3 e5 11. Nc4 Be6 12. Bg4 f5 13. Be2 b5 14. Bxf4 exf4 15. Nd2 b4 16. Qc2 Qa5 17. Nb3 Qc7 18. Nf3 Kh8 19. a3 Rab8 20. Nbd2 bxc3 21. bxc3 fxe4 22. Nxe4 Bb3 23. Qc1 Bg8 24. Rb1 Rxb1 25. Qxb1 Ne5 26. Nxe5 Bxe5 27. Qc2 d5 28. Nd2 Qa5 29. Nb3 Qa4 30. d4 cxd4 31. Nxd4 Qxc2 32. Nxc2 Bxc3 33. Rd1 Rb8 34. Bf3 Rb2 35. Nd4 Rd2 36. Nb5 d4 37. Nxa7 Bb3 38. Rxd2 Bxd2 39. Nc6 Bc3 40. Be4 Kg7 41. Ne5 Kf6 42. Nd3 Bc4 43. f3 Bd2 44. Kf1 h6 45. Ke2 Be3 46. a4 Ba6 47. Kd1 Ke7 48. Nc5 Bc4 49. a5 d3 50. Nxd3 g5 51. Kc2 Kd6 52. Kc3 Bd5 53. Bf5 Kc7 54. Ne5 Bf2 55. Ng4 Be1+ 56. Kd4 Kd6 57. a6 h5 58. Nf6 Bf2+ 59. Kc3 Be1+ 60. Kd4 Bf2+ 61. Kd3 h4 62. Nh7 Ba2 63. Ke2 Ke5 64. Be4 Bc5 65. Nxg5 Kf6 66. Nh7+ Kg7 67. Bd3 Bd5 68. Ng5 Kf6 69. Ne4+ Bxe4 70. fxe4 Ke5 71. Kf3 Bd4 72. g3 hxg3 73. h4 Kf6 74. Bf1 Kg6 75. Kg4 Kf6 76. h5 Be3 77. e5+ Kf7 78. h6 Kg6 79. e6 Kxh6 80. e7 1-0

[Event "Schweinfurt op 26th"]
[Site "Schweinfurt"]
[Date "2016.05.28"]
[Round "5"]
[White "Langguth, Rolf"]
[Black "Beyersdorf, Gunter"]
[Result "1-0"]
[WhiteElo "1921"]
[BlackElo "1797"]
[PlyCount "145"]
[EventDate "2016.05.26"]
[EventType "swiss"]
[EventRounds "7"]
[EventCountry "GER"]
[SourceTitle "CBM 172 Extra"]
[Source "ChessBase"]
[SourceDate "2016.06.21"]
[SourceVersion "1"]
[SourceVersionDate "2016.06.21"]
[SourceQuality "1"]

1. d4 Nf6 2. g3 d5 3. Bg2 e6 4. Nf3 Nbd7 5. 0-0 Be7 6. c3 0-0 7. Nbd2 c5 8. Re1 b5 9. e4 dxe4 10. Ng5 Qb6 11. Ndxe4 Bb7 12. dxc5 Nxc5 13. Be3 Nd5 14. Bxc5 Bxc5 15. Nxc5 Qxc5 16. Be4 h6 17. Nh3 Rad8 18. Qe2 Rd7 19. Rad1 Rfd8 20. Rd3 Qb6 21. Red1 Bc6 22. Kh1 b4 23. c4 Nf6 24. Bxc6 Qxc6+ 25. Kg1 Qxc4 26. Rxd7 Qxe2 27. Rxd8+ Kh7 28. R8d2 Qg4 29. Kg2 Qe4+ 30. f3 Qc4 31. Rd4 Qc5 32. R1d2 Nd5 33. b3 Ne3+ 34. Kh1 Qh5 35. Ng1 Nf1 36. Rg2 a5 37. Re4 Qd5 38. Ree2 Qd4 39. Rgf2 Ne3 40. Rd2 Qc5 41. Rde2 g5 42. h3 Kg7 43. Re1 f5 44. Rfe2 f4 45. g4 Kf6 46. Kh2 e5 47. Kh1 Qd5 48. Rf2 e4 49. fxe4 Qxe4+ 50. Rf3 Ke5 51. Re2 Qc6 52. Kh2 Kd4 53. Rff2 Qc1 54. Nf3+ Kc3 55. Re1 Qa3 56. Ree2 a4 57. bxa4 Qxa4 58. Nd2 Qc6 59. Nb3 Qe4 60. Nc5 Nf1+ 61. Kg1 Qd5 62. Na4+ Kd3 63. Nb2+ Kc3 64. Rxf1 f3 65. Rc1+ Kd4 66. Rd2+ Ke4 67. Re1+ Kf4 68. Rxd5 Kg3 69. Nd3 Kxh3 70. Kf2 Kxg4 71. Rg1+ Kh5 72. Ne5 Kh4 73. Rh1# 1-0

[Event "Schweinfurt op 26th"]
[Site "Schweinfurt"]
[Date "2016.05.27"]
[Round "3"]
[White "Engesser, Jonas"]
[Black "Beyersdorf, Gunter"]
[Result "1-0"]
[WhiteElo "2060"]
[BlackElo "1797"]
[PlyCount "49"]
[EventDate "2016.05.26"]
[EventType "swiss"]
[EventRounds "7"]
[EventCountry "GER"]
[SourceTitle "CBM 172 Extra"]
[Source "ChessBase"]
[SourceDate "2016.06.21"]
[SourceVersion "1"]
[SourceVersionDate "2016.06.21"]
[SourceQuality "1"]

1. e4 c5 2. Nf3 Nc6 3. Bb5 a6 4. Bxc6 bxc6 5. 0-0 Qc7 6. e5 e6 7. d4 cxd4 8. Qxd4 Ne7 9. Nc3 Nf5 10. Qe4 Rb8 11. Re1 Rb4 12. Qd3 Be7 13. b3 0-0 14. a3 Rg4 15. h3 Rg6 16. Ne4 f6 17. Bf4 Qd8 18. Kh1 d5 19. exd6 Nxd6 20. Bxd6 f5 21. Bxe7 Qxe7 22. Nd6 Bd7 23. Rad1 Be8 24. Nxe8 Qxe8 25. Qd7 1-0

[Event "Regionalliga NW 1516"]
[Site "Bayern"]
[Date "2016.01.31"]
[Round "6.6"]
[White "Braeutigam, Thomas"]
[Black "Beyersdorf, Gunter"]
[Result "1-0"]
[WhiteElo "1974"]
[BlackElo "1652"]
[PlyCount "127"]
[EventDate "2015.10.11"]
[EventType "team-tourn"]
[EventRounds "9"]
[EventCountry "GER"]
[SourceTitle "EXT 2018"]
[Source "ChessBase"]
[SourceDate "2017.10.13"]
[SourceVersion "1"]
[SourceVersionDate "2017.10.13"]
[SourceQuality "1"]
[WhiteTeam "Wuerzburg"]
[BlackTeam "Bad Koenigshofen"]
[WhiteTeamCountry "GER"]
[BlackTeamCountry "GER"]

1. d4 Nf6 2. c4 e6 3. Nc3 d5 4. Bg5 Be7 5. e3 Nbd7 6. Nf3 0-0 7. Bd3 b6 8. cxd5 exd5 9. 0-0 h6 10. Bh4 Bb7 11. Bg3 Ne4 12. Bf4 g5 13. Be5 Nxe5 14. Nxe5 Kg7 15. f3 Nd6 16. Rc1 c6 17. Bb1 Qe8 18. Re1 Rd8 19. Qd3 Rh8 20. Ne2 Bf6 21. Ng4 Be7 22. Ng3 h5 23. Ne5 Bf6 24. f4 Rc8 25. Qa3 Nb5 26. Qd3 Rc7 27. Nf5+ Kg8 28. a4 a6 29. axb5 axb5 30. Nd6 Qb8 31. Ndxf7 Rxf7 32. Qg6+ Rg7 33. Qxf6 gxf4 34. exf4 Qf8 35. Ng6 Qxf6 36. Re8+ Kf7 37. Rxh8 Qxd4+ 38. Kh1 Qxb2 39. Rf8+ Ke6 40. Bf5+ Kd6 41. Rg1 Rxg6 42. Bxg6 Qg7 43. Rf7 Qxg6 44. Rxb7 Qe4 45. Rf1 Qe2 46. Kg1 Ke6 47. f5+ Kf6 48. Rc7 Qc4 49. Rh7 b4 50. Rh6+ Kf7 51. f6 Qd4+ 52. Kh1 Qd3 53. Re1 Kf8 54. Rxh5 b3 55. Rh3 Qc2 56. Rf3 b2 57. Rff1 c5 58. f7 b1Q 59. Rxb1 Qd3 60. Rbe1 Qb5 61. Re8+ Qxe8 62. fxe8Q+ Kxe8 63. h4 d4 64. h5 1-0

[Event "Regionalliga NW 1516"]
[Site "Bayern"]
[Date "2015.11.15"]
[Round "3.8"]
[White "Weiss, Walter"]
[Black "Beyersdorf, Gunter"]
[Result "1-0"]
[WhiteElo "1673"]
[BlackElo "1652"]
[PlyCount "105"]
[EventDate "2015.10.11"]
[EventType "team-tourn"]
[EventRounds "9"]
[EventCountry "GER"]
[SourceTitle "EXT 2018"]
[Source "ChessBase"]
[SourceDate "2017.10.13"]
[SourceVersion "1"]
[SourceVersionDate "2017.10.13"]
[SourceQuality "1"]
[WhiteTeam "Kirchenlaibach"]
[BlackTeam "Bad Koenigshofen"]
[WhiteTeamCountry "GER"]
[BlackTeamCountry "GER"]

1. d4 Nf6 2. c4 e6 3. Nc3 d5 4. Bg5 Be7 5. e3 Nbd7 6. Rc1 0-0 7. Bd3 h6 8. Bh4 c5 9. Nge2 a6 10. 0-0 dxc4 11. Bxc4 b5 12. Bd3 Bb7 13. f3 Qb6 14. Bf2 Rfd8 15. e4 cxd4 16. Nxd4 Bc5 17. Nce2 Ne5 18. Bb1 Nc4 19. Qc2 Bxd4 20. Nxd4 Rxd4 21. b3 Ne5 22. Rcd1 Rad8 23. h3 Nh5 24. Be3 Nc6 25. g4 Nf4 26. Rxd4 Nxd4 27. Qb2 Nde2+ 28. Kf2 Qc7 29. h4 Qe7 30. Rh1 b4 31. Qe5 f6 32. Qa5 Rc8 33. e5 Rc3 34. Rd1 f5 35. Qd8+ Kf7 36. Rd7 Nd5 37. Rxe7+ Nxe7 38. gxf5 exf5 39. Kxe2 f4 40. Bf2 Bxf3+ 41. Kd2 Bc6 42. Bd3 Bb5 43. Bxb5 axb5 44. Qd6 Rf3 45. e6+ Kf6 46. Bd4+ Kg6 47. Qxe7 Rh3 48. Qxg7+ Kh5 49. Bf2 Rh2 50. Ke2 f3+ 51. Ke3 Rxf2 52. Qf7+ Kg4 53. Kxf2 1-0

[Event "Regionalliga NW 1516"]
[Site "Bayern"]
[Date "2015.10.11"]
[Round "1.8"]
[White "Moenius, Alexander"]
[Black "Beyersdorf, Gunter"]
[Result "0-1"]
[WhiteElo "1850"]
[BlackElo "1652"]
[PlyCount "171"]
[EventDate "2015.10.11"]
[EventType "team-tourn"]
[EventRounds "9"]
[EventCountry "GER"]
[SourceTitle "EXT 2018"]
[Source "ChessBase"]
[SourceDate "2017.10.13"]
[SourceVersion "1"]
[SourceVersionDate "2017.10.13"]
[SourceQuality "1"]
[WhiteTeam "Hoechstadt/Aisch"]
[BlackTeam "Bad Koenigshofen"]
[WhiteTeamCountry "GER"]
[BlackTeamCountry "GER"]

1. Nf3 d5 2. c4 c6 3. d4 g6 4. Bf4 Nd7 5. e3 Bg7 6. Nc3 Ngf6 7. h3 0-0 8. Be2 Qb6 9. Rb1 a5 10. c5 Qa7 11. 0-0 a4 12. b3 axb3 13. axb3 Ne4 14. Nxe4 dxe4 15. Nd2 Nf6 16. Bc4 Nd5 17. Bxd5 cxd5 18. Qc2 Bd7 19. Qc3 Qa6 20. Ra1 Qc6 21. Ra5 b6 22. Rxa8 Rxa8 23. b4 Ra2 24. Ra1 Rxa1+ 25. Qxa1 f5 26. Nb3 Kf7 27. Qa6 bxc5 28. Qxc6 Bxc6 29. bxc5 Ke6 30. Kf1 Bb5+ 31. Ke1 h6 32. h4 Kd7 33. Kd2 Bf6 34. Bxh6 Bxh4 35. g3 Bf6 36. Bf4 Kc8 37. Kc3 Kb7 38. Kb4 Be8 39. Na5+ Ka6 40. Bc7 g5 41. Bd8 f4 42. Bc7 fxe3 43. fxe3 e6 44. Nb3 Kb7 45. Be5 Bd8 46. Bd6 Ka6 47. Be5 Bb5 48. Bd6 Bc4 49. Be5 Bxb3 50. Kxb3 Kb5 51. Bd6 Ba5 52. Be7 Be1 53. g4 Bh4 54. Bd8 Kc6 55. Ka4 e5 56. dxe5 Kxc5 57. e6 Kd6 58. e7 Kd7 59. Kb4 d4 60. Bb6 Be1+ 61. Kb3 d3 62. Bc5 Bd2 63. Kb2 Ke8 64. Kb1 Bc3 65. Kc1 Bf6 66. Kd1 Bxe7 67. Bd4 Kd7 68. Kd2 Bb4+ 69. Kd1 Ke6 70. Bb6 Bc3 71. Bd8 Bf6 72. Bc7 Kd5 73. Ba5 Kc4 74. Bb6 Be7 75. Bc7 Bc5 76. Kd2 Bb4+ 77. Kd1 d2 78. Bd8 Kd3 79. Bb6 Bc3 80. Bc5 Be5 81. Bb4 Bc3 82. Bc5 Bb2 83. Be7 Bd4 84. Bxg5 Bxe3 85. Bf6 Bf4 86. g5 0-1

[Event "Bad Koenigshofen op 6th"]
[Site "Bad Koenigshofen"]
[Date "2007.12.28"]
[Round "5"]
[White "Beyersdorf, Gunter"]
[Black "Grasmik, Waldemar"]
[Result "1-0"]
[WhiteElo "1572"]
[BlackElo "1508"]
[PlyCount "98"]
[EventDate "2007.12.26"]
[EventType "swiss"]
[EventRounds "7"]
[EventCountry "GER"]
[SourceTitle "CBM 122 Extra"]
[Source "ChessBase"]
[SourceDate "2008.03.04"]
[SourceVersion "1"]
[SourceVersionDate "2008.03.04"]
[SourceQuality "1"]

1. d4 e6 2. Nf3 d5 3. c4 c6 4. Nc3 Bb4 5. Bf4 Ne7 6. e3 Ng6 7. Bg3 Qa5 8. Qb3 Nd7 9. Bd3 Bxc3+ 10. bxc3 b6 11. 0-0 Ba6 12. Nd2 c5 13. Rfd1 Rc8 14. Bf1 Ne7 15. a4 h5 16. h4 Nf5 17. cxd5 Bxf1 18. Nxf1 c4 19. Qb4 exd5 20. Qxa5 bxa5 21. Rdb1 Nxg3 22. Nxg3 Nf6 23. Nf5 0-0 24. Ne7+ Kh7 25. Nxc8 Rxc8 26. f3 Rc7 27. Rb5 Kh6 28. Rab1 g5 29. hxg5+ Kxg5 30. Rxa5 h4 31. Rab5 Kg6 32. Rb7 Rc8 33. Rxa7 Re8 34. Kf2 Rh8 35. Rbb7 h3 36. gxh3 Rxh3 37. Rxf7 Rh2+ 38. Kg3 Rc2 39. Rf8 Nh5+ 40. Kg4 Rg2+ 41. Kh3 Re2 42. Ra6+ Kg7 43. Rf5 Rxe3 44. Rxh5 Rxf3+ 45. Kg4 Rxc3 46. Rxd5 Re3 47. Rd7+ Kf8 48. Ra8+ Re8 49. Rxe8+ Kxe8 1-0

[Event "Bad Koenigshofen op 6th"]
[Site "Bad Koenigshofen"]
[Date "2007.12.26"]
[Round "1"]
[White "Beyersdorf, Gunter"]
[Black "Reh, Philipp"]
[Result "1/2-1/2"]
[WhiteElo "1572"]
[BlackElo "2093"]
[PlyCount "48"]
[EventDate "2007.12.26"]
[EventType "swiss"]
[EventRounds "7"]
[EventCountry "GER"]
[SourceTitle "CBM 122 Extra"]
[Source "ChessBase"]
[SourceDate "2008.03.04"]
[SourceVersion "1"]
[SourceVersionDate "2008.03.04"]
[SourceQuality "1"]

1. d4 Nf6 2. c4 d6 3. Nc3 Nbd7 4. Nf3 e5 5. Bg5 Be7 6. e4 0-0 7. Be2 c6 8. 0-0 h6 9. Be3 Nh7 10. h3 Ng5 11. d5 c5 12. Ne1 Nf6 13. Bd3 Bd7 14. f4 exf4 15. Bxf4 Ne8 16. Nc2 Bf6 17. Qe1 Be5 18. Qg3 Qe7 19. Rae1 Nf6 20. Bxe5 Qxe5 21. Kh2 Nh5 22. Qxe5 dxe5 23. Re3 Nf6 24. g4 Ne8 1/2-1/2

[Event "Bad Koenigshofen op 6th"]
[Site "Bad Koenigshofen"]
[Date "2007.12.26"]
[Round "2"]
[White "Schmitt, Wolfgang Max"]
[Black "Beyersdorf, Gunter"]
[Result "1/2-1/2"]
[WhiteElo "1634"]
[BlackElo "1572"]
[PlyCount "61"]
[EventDate "2007.12.26"]
[EventType "swiss"]
[EventRounds "7"]
[EventCountry "GER"]
[SourceTitle "CBM 122 Extra"]
[Source "ChessBase"]
[SourceDate "2008.03.04"]
[SourceVersion "1"]
[SourceVersionDate "2008.03.04"]
[SourceQuality "1"]

1. e4 d6 2. d4 Nd7 3. Nf3 e5 4. dxe5 dxe5 5. Bc4 Be7 6. Nc3 Ngf6 7. 0-0 0-0 8. Nd5 c6 9. Nxe7+ Qxe7 10. Re1 h6 11. b3 Rd8 12. Qe2 Nf8 13. h3 Ng6 14. a4 Be6 15. Ba3 Qe8 16. Bxe6 Qxe6 17. Rad1 Nf4 18. Qf1 Rac8 19. Bb2 Nd7 20. Ba3 Nf8 21. Bxf8 Kxf8 22. Rd2 Rxd2 23. Nxd2 Rd8 24. Nb1 Ke7 25. Rd1 Rxd1 26. Qxd1 Qg6 27. Qf3 Ne6 28. Qe3 b6 29. Nd2 Nd4 30. c3 Ne6 31. g3 1/2-1/2

[Event "Unterfranken-ch HB 57th"]
[Site "Prichsenstadt"]
[Date "2006.04.20"]
[Round "5"]
[White "Beyersdorf, Gunter"]
[Black "Neuburger, Eduard"]
[Result "1/2-1/2"]
[WhiteElo "1682"]
[BlackElo "1556"]
[PlyCount "69"]
[EventDate "2006.04.17"]
[EventType "swiss"]
[EventRounds "9"]
[EventCountry "GER"]
[SourceTitle "EXT 2015"]
[Source "ChessBase"]
[SourceDate "2014.11.20"]
[SourceVersion "1"]
[SourceVersionDate "2014.11.20"]
[SourceQuality "1"]

1. d4 d5 2. c4 e6 3. Nc3 Nf6 4. Bg5 Be7 5. e3 0-0 6. Nf3 Nbd7 7. Bd3 dxc4 8. Bxc4 c6 9. 0-0 Nd5 10. Bxe7 Qxe7 11. a3 Nxc3 12. bxc3 e5 13. Qb3 exd4 14. cxd4 Nb6 15. Ne5 Nxc4 16. Qxc4 Be6 17. Qc2 Rfd8 18. Rfc1 Rac8 19. Qc5 Qxc5 20. Rxc5 Rd5 21. Rac1 Rxc5 22. Rxc5 Bd5 23. f3 b6 24. Rc3 f6 25. Nd3 Be6 26. e4 Kf8 27. Kf2 Ke7 28. Ke3 Kd7 29. Nf4 Bf7 30. g4 g5 31. Ne2 h5 32. h3 hxg4 33. hxg4 Be6 34. Kd3 Kd6 35. Ng3 1/2-1/2

[Event "Unterfranken-ch HB 57th"]
[Site "Prichsenstadt"]
[Date "2006.04.18"]
[Round "2"]
[White "Werner, Stefan1111"]
[Black "Beyersdorf, Gunter"]
[Result "1/2-1/2"]
[WhiteElo "1653"]
[BlackElo "1682"]
[PlyCount "30"]
[EventDate "2006.04.17"]
[EventType "swiss"]
[EventRounds "9"]
[EventCountry "GER"]
[SourceTitle "EXT 2015"]
[Source "ChessBase"]
[SourceDate "2014.11.20"]
[SourceVersion "1"]
[SourceVersionDate "2014.11.20"]
[SourceQuality "1"]

1. d4 d5 2. c4 e6 3. a3 c5 4. e3 Nf6 5. Nc3 Nc6 6. Nf3 a5 7. cxd5 exd5 8. Bb5 Be7 9. Ne5 Qd6 10. Qa4 Bd7 11. Nxd7 Nxd7 12. 0-0 0-0 13. dxc5 Nxc5 14. Qd1 Rfd8 15. Qf3 Ne5 1/2-1/2

[Event "Unterfranken-ch M2 54th"]
[Site "Moembris"]
[Date "2003.04.23"]
[Round "4"]
[White "Beyersdorf, Gunter"]
[Black "Liebler, Juergen"]
[Result "1-0"]
[WhiteElo "1635"]
[BlackElo "1727"]
[PlyCount "47"]
[EventDate "2003.04.21"]
[EventType "swiss"]
[EventRounds "9"]
[EventCountry "GER"]
[SourceTitle "EXT 2015"]
[Source "ChessBase"]
[SourceDate "2014.11.20"]
[SourceVersion "1"]
[SourceVersionDate "2014.11.20"]
[SourceQuality "1"]

1. d4 b6 2. e4 Bb7 3. Nc3 e6 4. Bd3 g6 5. Nf3 Bg7 6. Bf4 d6 7. Qd2 Nc6 8. Ne2 Nge7 9. c3 Qd7 10. h4 0-0-0 11. 0-0-0 h5 12. Qc2 Kb8 13. Ng5 Rdf8 14. Be3 Qc8 15. Qa4 e5 16. d5 Nd8 17. Bb5 Qg4 18. f3 Qxg2 19. Rdg1 Qxg1+ 20. Rxg1 Bh6 21. Kd2 f6 22. Nh3 Bxe3+ 23. Kxe3 f5 24. Ba6 1-0

[Event "Unterfranken-ch M2 53th"]
[Site "Wuerzburg"]
[Date "2002.??.??"]
[Round "4"]
[White "Beyersdorf, Gunter"]
[Black "Krug, Rudi"]
[Result "1-0"]
[WhiteElo "1747"]
[BlackElo "1761"]
[PlyCount "81"]
[EventDate "2002.04.01"]
[EventType "swiss"]
[EventRounds "9"]
[EventCountry "GER"]
[SourceTitle "EXT 2015"]
[Source "ChessBase"]
[SourceDate "2014.11.20"]
[SourceVersion "1"]
[SourceVersionDate "2014.11.20"]
[SourceQuality "1"]

1. e4 e6 2. d4 c5 3. Nf3 a6 4. d5 d6 5. c4 e5 6. Bd3 Be7 7. h3 Nf6 8. 0-0 h6 9. Nc3 0-0 10. Be3 Bd7 11. Nd2 Qb6 12. Rb1 a5 13. f4 Na6 14. a3 Nh7 15. fxe5 dxe5 16. Kh1 Qg6 17. Be2 Bg5 18. Bh5 Qd6 19. Bxg5 Nxg5 20. h4 Nh7 21. Qe1 g6 22. Qg3 Kh8 23. Be2 f5 24. exf5 gxf5 25. Rf2 Rg8 26. Qh2 Nf6 27. Rbf1 Ng4 28. Bxg4 Rxg4 29. Nd1 Qe7 30. Nf3 f4 31. Re2 e4 32. Nf2 exf3 33. Rxe7 fxg2+ 34. Kg1 gxf1Q+ 35. Kxf1 Rg7 36. Rxg7 Kxg7 37. Qxf4 Rf8 38. Qe5+ Rf6 39. Ke1 Kg6 40. Ne4 Rf8 41. Qd6+ 1-0

[Event "Unterfranken-ch M2 52th"]
[Site "Massbach"]
[Date "2001.??.??"]
[Round "?"]
[White "Beyersdorf, Gunter"]
[Black "Federschmidt, Ralf"]
[Result "1-0"]
[WhiteElo "1689"]
[BlackElo "1814"]
[PlyCount "69"]
[EventDate "2001.04.16"]
[EventType "swiss"]
[EventRounds "9"]
[EventCountry "GER"]
[SourceTitle "EXT 2015"]
[Source "ChessBase"]
[SourceDate "2014.11.20"]
[SourceVersion "1"]
[SourceVersionDate "2014.11.20"]
[SourceQuality "1"]

1. d4 d5 2. c4 e6 3. Nc3 Nf6 4. Bg5 Be7 5. e3 Nbd7 6. Nf3 h6 7. Bh4 0-0 8. Rc1 c6 9. h3 Re8 10. Bg3 Qa5 11. Nd2 Bb4 12. a3 Bxc3 13. Rxc3 e5 14. b4 Qd8 15. dxe5 Nxe5 16. Bxe5 Rxe5 17. Nf3 Re7 18. cxd5 Nxd5 19. Bc4 Bxh3 20. Bxd5 Bxg2 21. Rh2 Bxf3 22. Bxf3 Rd7 23. Qc1 Qf6 24. Be2 Rad8 25. Rg2 Qh4 26. Rg1 Qh2 27. Rf1 Qe5 28. Rc2 a5 29. Qb2 Qd5 30. f4 axb4 31. Rg1 g6 32. Rxg6+ Kf8 33. Qh8+ Ke7 34. Qf6+ Kf8 35. Rxh6 1-0

[Event "Unterfranken-ch M2 52th"]
[Site "Massbach"]
[Date "2001.??.??"]
[Round "?"]
[White "Haecker, Roland"]
[Black "Beyersdorf, Gunter"]
[Result "1/2-1/2"]
[WhiteElo "1774"]
[BlackElo "1689"]
[PlyCount "73"]
[EventDate "2001.04.16"]
[EventType "swiss"]
[EventRounds "9"]
[EventCountry "GER"]
[SourceTitle "EXT 2015"]
[Source "ChessBase"]
[SourceDate "2014.11.20"]
[SourceVersion "1"]
[SourceVersionDate "2014.11.20"]
[SourceQuality "1"]

1. d4 e6 2. c4 d5 3. Nc3 Nf6 4. e3 c5 5. cxd5 exd5 6. Nf3 cxd4 7. Nxd4 Be7 8. Be2 0-0 9. 0-0 Bd7 10. a3 Nc6 11. b4 a6 12. Bb2 b5 13. Rc1 Rc8 14. Nxc6 Bxc6 15. Bf3 Qd6 16. Ne2 Rfd8 17. Nd4 Bd7 18. Qd3 Ng4 19. Bxg4 Bxg4 20. Nf5 Bxf5 21. Qxf5 Rc4 22. Rcd1 Qc6 23. Rd2 Qe6 24. Qf3 Qe4 25. Rfd1 f6 26. Qxe4 Rxe4 27. Rxd5 Rxd5 28. Rxd5 Rc4 29. Rd2 Kf7 30. Kf1 Ke6 31. Ke2 Bd6 32. h3 a5 33. bxa5 Ra4 34. Rd3 Rxa5 35. Rb3 g6 36. Kd3 f5 37. f3 1/2-1/2

[Event "Unterfranken-ch M1 51th"]
[Site "Sailauf"]
[Date "2000.??.??"]
[Round "4"]
[White "Beyersdorf, Gunter"]
[Black "Matis, Paul"]
[Result "1/2-1/2"]
[WhiteElo "1692"]
[BlackElo "1824"]
[PlyCount "57"]
[EventDate "2000.04.24"]
[EventType "swiss"]
[EventRounds "9"]
[EventCountry "GER"]
[SourceTitle "EXT 2015"]
[Source "ChessBase"]
[SourceDate "2014.11.20"]
[SourceVersion "1"]
[SourceVersionDate "2014.11.20"]
[SourceQuality "1"]

1. d4 e6 2. c4 Nf6 3. Nc3 Be7 4. Qc2 d5 5. e3 c6 6. Nf3 h6 7. a3 Nbd7 8. b4 a6 9. c5 Qc7 10. Bb2 0-0 11. Bd3 Re8 12. 0-0 Nf8 13. Ne5 N6d7 14. f4 f5 15. Qe2 Nxe5 16. fxe5 Bg5 17. Bc1 g6 18. g4 Qh7 19. Ra2 Re7 20. Qf3 Bd7 21. Raf2 Rae8 22. Qg3 Rg7 23. h4 Bd8 24. g5 h5 25. Bd2 Bc7 26. Rb1 Rf7 27. a4 Ra8 28. Be1 Qg7 29. b5 1/2-1/2

[Event "Unterfranken-ch M1 51th"]
[Site "Sailauf"]
[Date "2000.??.??"]
[Round "8"]
[White "Degering, Florian"]
[Black "Beyersdorf, Gunter"]
[Result "1-0"]
[WhiteElo "2004"]
[BlackElo "1692"]
[PlyCount "87"]
[EventDate "2000.04.24"]
[EventType "swiss"]
[EventRounds "9"]
[EventCountry "GER"]
[SourceTitle "EXT 2015"]
[Source "ChessBase"]
[SourceDate "2014.11.20"]
[SourceVersion "1"]
[SourceVersionDate "2014.11.20"]
[SourceQuality "1"]

1. e4 e6 2. Nf3 d5 3. Nc3 c6 4. a3 Nd7 5. d4 Be7 6. Bd3 b6 7. Bf4 Ngf6 8. e5 Nh5 9. Be3 g6 10. g4 Ng7 11. Bh6 0-0 12. h4 f6 13. Qe2 fxe5 14. dxe5 Rf7 15. Ng5 Bxg5 16. Bxg5 Qc7 17. f4 Nc5 18. h5 Nxd3+ 19. cxd3 gxh5 20. gxh5 Nf5 21. Bf6 Kf8 22. Rg1 Ke8 23. 0-0-0 Kd7 24. h6 a5 25. Qh5 Rxf6 26. exf6 Qxf4+ 27. Rd2 Qxh6 28. Qf7+ Kd6 29. Rg7 b5 30. Rxh7 Qg5 31. Qc7+ Kc5 32. Rh8 Bb7 33. Rxa8 Bxa8 34. Qa7+ Kd6 35. Qxa8 Qxf6 36. Qxa5 Nd4 37. Qb4+ Kc7 38. Kb1 e5 39. Nd1 Kb6 40. Rf2 Qg6 41. Qc3 Qg1 42. Qd2 Nb3 43. Qe2 Qg3 44. Qe3+ 1-0

[Event "Unterfranken-ch M2 50th"]
[Site "Koenigshofen"]
[Date "1999.??.??"]
[Round "9"]
[White "Beyersdorf, Gunter"]
[Black "Buerger, Norbert"]
[Result "1-0"]
[WhiteElo "1695"]
[BlackElo "1705"]
[PlyCount "73"]
[EventDate "1999.04.05"]
[EventType "swiss"]
[EventRounds "9"]
[EventCountry "GER"]
[SourceTitle "EXT 2004"]
[Source "ChessBase"]
[SourceDate "2003.11.25"]
[SourceVersion "1"]
[SourceVersionDate "2003.11.25"]
[SourceQuality "1"]

1. e4 d5 2. exd5 Nf6 3. Bc4 Nxd5 4. Nf3 Bg4 5. h3 Bh5 6. d3 e6 7. 0-0 Qf6 8. Nbd2 Bd6 9. Ne4 Qf5 10. Nxd6+ cxd6 11. g4 Bxg4 12. hxg4 Qxg4+ 13. Kh1 Nf6 14. Be3 d5 15. Bb3 d4 16. Bxd4 Qh3+ 17. Nh2 Nbd7 18. Qf3 Qh4 19. Be3 h5 20. Rg1 Ng4 21. Rg2 a5 22. Bf4 a4 23. Bg3 Qg5 24. Qxb7 Ke7 25. Nf3 Qc5 26. Bc4 Rhb8 27. Qc7 Qb4 28. b3 Qc3 29. Bd6+ Kf6 30. Rf1 Rd8 31. Bb5 Rac8 32. Qa7 Qxc2 33. Qxa4 Qe2 34. Qf4+ Kg6 35. Rxg4+ hxg4 36. Qxg4+ Kh7 37. Ng5+ 1-0

[Event "Unterfranken-ch M2 50th"]
[Site "Koenigshofen"]
[Date "1999.??.??"]
[Round "1"]
[White "Zentgraf, Alexander"]
[Black "Beyersdorf, Gunter"]
[Result "1/2-1/2"]
[WhiteElo "1885"]
[BlackElo "1695"]
[PlyCount "57"]
[EventDate "1999.04.05"]
[EventType "swiss"]
[EventRounds "9"]
[EventCountry "GER"]
[SourceTitle "EXT 2004"]
[Source "ChessBase"]
[SourceDate "2003.11.25"]
[SourceVersion "1"]
[SourceVersionDate "2003.11.25"]
[SourceQuality "1"]

1. e4 e5 2. Nf3 Nc6 3. Bb5 a6 4. Ba4 Nf6 5. 0-0 b5 6. Bb3 h6 7. Re1 Bc5 8. c3 0-0 9. d4 exd4 10. cxd4 Ba7 11. e5 Nh7 12. Bc2 Re8 13. b3 Bb7 14. d5 Ne7 15. Be4 Nf8 16. Bb2 d6 17. b4 Neg6 18. exd6 Qxd6 19. a3 Rad8 20. Nc3 Nf4 21. Nh4 Qf6 22. Qg4 Nxd5 23. Nf5 Nxc3 24. Bxc3 Qxc3 25. Nxh6+ Kh8 26. Nxf7+ Kg8 27. Nh6+ Kh8 28. Nf7+ Kg8 29. Nh6+ 1/2-1/2

[Event "Unterfranken-ch M2 50th"]
[Site "Koenigshofen"]
[Date "1999.??.??"]
[Round "8"]
[White "Zimlich, Juergen"]
[Black "Beyersdorf, Gunter"]
[Result "1/2-1/2"]
[WhiteElo "1895"]
[BlackElo "1695"]
[PlyCount "29"]
[EventDate "1999.04.05"]
[EventType "swiss"]
[EventRounds "9"]
[EventCountry "GER"]
[SourceTitle "EXT 2004"]
[Source "ChessBase"]
[SourceDate "2003.11.25"]
[SourceVersion "1"]
[SourceVersionDate "2003.11.25"]
[SourceQuality "1"]

1. d4 d5 2. c4 dxc4 3. Nc3 Nf6 4. e3 Bf5 5. Nf3 e6 6. Bxc4 c6 7. 0-0 Nbd7 8. Re1 Be7 9. a3 a5 10. b3 0-0 11. h3 Rc8 12. e4 Bg6 13. Bf4 b5 14. Bd3 Nb6 15. a4 1/2-1/2